<?xml version="1.0" encoding="UTF-8"?><?xml-stylesheet type="text/xsl" href="static/style.xsl"?><OAI-PMH xmlns="http://www.openarchives.org/OAI/2.0/" xmlns:xsi="http://www.w3.org/2001/XMLSchema-instance" xsi:schemaLocation="http://www.openarchives.org/OAI/2.0/ http://www.openarchives.org/OAI/2.0/OAI-PMH.xsd"><responseDate>2026-04-14T05:01:24Z</responseDate><request verb="GetRecord" identifier="oai:www.recercat.cat:2072/477920" metadataPrefix="marc">https://recercat.cat/oai/request</request><GetRecord><record><header><identifier>oai:recercat.cat:2072/477920</identifier><datestamp>2025-05-08T16:00:57Z</datestamp><setSpec>com_2072_98</setSpec><setSpec>col_2072_378192</setSpec></header><metadata><record xmlns="http://www.loc.gov/MARC21/slim" xmlns:dcterms="http://purl.org/dc/terms/" xmlns:xsi="http://www.w3.org/2001/XMLSchema-instance" xmlns:doc="http://www.lyncode.com/xoai" xsi:schemaLocation="http://www.loc.gov/MARC21/slim http://www.loc.gov/standards/marcxml/schema/MARC21slim.xsd">
   <leader>00925njm 22002777a 4500</leader>
   <datafield ind2=" " ind1=" " tag="042">
      <subfield code="a">dc</subfield>
   </datafield>
   <datafield ind2=" " ind1=" " tag="720">
      <subfield code="a">Ballestín González, Beatriz</subfield>
      <subfield code="e">author</subfield>
   </datafield>
   <datafield ind2=" " ind1=" " tag="260">
      <subfield code="c">2010</subfield>
   </datafield>
   <datafield ind2=" " ind1=" " tag="520">
      <subfield code="a">Aquest article situa el focus d'atenció en els resultats acadèmics dels fills i filles de la immigració estrangera a l'escola primària tot detectant-ne els vincles amb el tractament que el professorat fa dels orígens culturals de l'alumnat i les seves famílies. En aquest sentit, el treball de recerca presentat, ubicat a la comarca barcelonina del Maresme, mostra alguns punts de connexió entre els imaginaris cultural(iste)s dominants i les qualificacions escolars dels alumnes en una escola pública on confluïen nens i nenes de famílies immigrades de molt diversa procedència, principalment d'origen marroquí, llatinoamericà i europeu comunitari. Amb aquest propòsit, es fa un especial èmfasi en la discussió dels resultats d'avaluació corresponents a la dimensió precisament més vulnerable als prejudicis i estereotips de tall culturalista: els "Aspectes personals i evolutius" dels i les alumnes. L'estudi de cas presentat, en definitiva, permet observar de prop els ressorts de la construcció minoritzada dels infants de la immigració entre la força del prejudici (Taguieff 1988) i l'efecte Pigmalió (Rosenthal i Jacobson 1969) davant les noves formes de diversitat cultural a les aules d'educació infantil i primària.</subfield>
   </datafield>
   <datafield tag="653" ind2=" " ind1=" ">
      <subfield code="a">Infants de famílies immigrades</subfield>
   </datafield>
   <datafield tag="653" ind2=" " ind1=" ">
      <subfield code="a">Escola primària</subfield>
   </datafield>
   <datafield tag="653" ind2=" " ind1=" ">
      <subfield code="a">Resultats escolars</subfield>
   </datafield>
   <datafield tag="653" ind2=" " ind1=" ">
      <subfield code="a">Cultures d'origen familiars</subfield>
   </datafield>
   <datafield tag="653" ind2=" " ind1=" ">
      <subfield code="a">Prejudicis culturals</subfield>
   </datafield>
   <datafield tag="653" ind2=" " ind1=" ">
      <subfield code="a">'Efecte Pigmalió'</subfield>
   </datafield>
   <datafield ind2="0" ind1="0" tag="245">
      <subfield code="a">Entre la força del prejudici i l'efecte Pigmalió : "cultures d'origen" i resultats escolars dels fills i filles de famílies immigrades</subfield>
   </datafield>
</record></metadata></record></GetRecord></OAI-PMH>